| 000 | 00513nam a22002297a 4500 | ||
|---|---|---|---|
| 003 | UA-OsUOA | ||
| 001 | 38647 | ||
| 007 | ta | ||
| 008 | 20080201b un ||||| |||| 00| 0 ukr d | ||
| 090 |
_a050 _bУ45 |
||
| 942 | _cMG | ||
| 040 |
_aUA-OsUOA _bukr _cUA-OsUOA _dUA-OsUOA |
||
| 245 | _aУкраїнка в світі. | ||
| 300 | _a48 с. | ||
| 955 | _a1 | ||
| 041 | _aukr | ||
| 080 | _a050 | ||
| 260 | _c2007 | ||
| 310 | _aЧ. 2-3/177 (квітень-вересень) 2007 | ||
| 650 | 7 | _2UDC | |
| 999 |
_c437158 _d437158 |
||